Изчезването на Сивчо (Запис номер 327587)
[ съкратено ]
| 000 -Лидер | |
|---|---|
| Контролно поле с фиксирана дължина | 01137nam a2200301 a 4500 |
| 003 - Код на организацията, давaща контролен номер | |
| Контролно поле | BLK |
| 005 - Дата и час на последна редакция | |
| Контролно поле | 20240809113615.0 |
| 008 - Елементи от данни с фиксирана дължина | |
| fixed length control field | 181211b bu a|||gr|||| 00| 0 bu d |
| 020 ## - Международен стандартен номер на книга ISBN | |
| Международен стандартен номер на книга ISBN | 9786191993031 |
| 040 ## - Източник на каталожния запис | |
| Идентификатор на билиотеката - собственик на записа | BLK |
| 041 ## - Код за език | |
| Код за езика на текст/звукозапис или на отделно заглавие | Български |
| Код за езика КДБФ | Български |
| 080 ## - УДК | |
| Текстов определител УДК | Английска литература |
| УДК код - определител по УДК | 821.111 |
| УДК определител | -93-31 |
| УДК - код + определител | 821.111-93-31 |
| 100 ## - Редна дума - Автор | |
| Автор | Уеб, Холи |
| R(LIN) | 331941 |
| 139 ## - Редно поле | |
| Редна дума | Уеб, Холи |
| Авторски знак | Уе - У 27 |
| 240 ## - Унифицирано заглавие | |
| Унифицирано заглавие | Smudge the stolen kitten |
| 245 ## - Сведения за заглавието | |
| Заглавие | Изчезването на Сивчо |
| Редно поле (дума) | Холи Уеб ; ил. Катрин Къркланд ; прев. от англ. ез. Ирина Борисова Манушева |
| 260 ## - Област на издателските данни | |
| 9 (RLIN) | 209475 |
| Място на издаване, разпространение и проч. | София |
| Име на издателя, разпространителя и проч. | Фют |
| Година на издаване | 2018 |
| Печатница | Мултипринт ЕООД |
| 300 ## - Физическа характеристика | |
| Страници | 95 с. |
| Илюстрации и др. | с ил. |
| Размери/Мащаб | 20 см |
| 380 ## - Жанр | |
| Жанр | Детска худож. лит. |
| 500 ## - Общи забележки | |
| Забележка | Ориг. загл.: Smudge the stolen kitten / Holly Webb |
| 700 ## - Други автори (авторска отговорност) | |
| 9 (RLIN) | 391537 |
| Лично име | Къркланд, Катрин |
| Автороска отговорност (Описва отношението между автора и произведението) | ил. |
| 700 ## - Други автори (авторска отговорност) | |
| Лично име | Манушева, Ирина Борисова |
| 9 (RLIN) | 368041 |
| 852 ## - Местоположение | |
| Форматна сигнатура | Цб 292322 |
| 999 ## - СИСТЕМНИ КОНТРОЛНИ НОМЕРА | |
| Koha biblionumber | 327587 |
| Koha biblioitemnumber | 327587 |
| 942 ## - АРТИКУЛИ | |
| Вид на библиотечния материал | Книги |
| Скрит в OPAC | Не |
| Koha issues (borrowed), all copies | 30 |
| 944 ## - СЪЗДАВАНЕ И РЕДАКЦИЯ на ЗАПИСА | |
| Създаване/Редакция | Създаване |
| Служител, извършил регистрацията/редакцията | 30532 |
| Статус, дата на статуса | Лиляна Коева |
| 999 ## - СИСТЕМНИ КОНТРОЛНИ НОМЕРА | |
| Koha biblioitemnumber | 327587 |
| 999 ## - СИСТЕМНИ КОНТРОЛНИ НОМЕРА | |
| Koha biblioitemnumber | 327568 |
| Код за отписване | Код за изгубен артикул | Източник на класификационната схема | Код за повреда | Коз за рестрикции | Код за отдаване | Артикулен № | Име на библиотеката - собственик | Име на библиотеката, в която се намира в момента | Статус (Текущо местоположение) | Дата на вписване в системата | Местоположение - отдел | Цена в лева | Систематично азбучна сигнатура | Баркод | Цена в евро | Служебен тип на артикула |
|---|---|---|---|---|---|---|---|---|---|---|---|---|---|---|---|---|
| Не е изгубен | Universal Decimal Classification | Не е повреден | без рестрикции | ползва се в читалня | 686589 | Регионална библиотека "Любен Каравелов" Русе | Регионална библиотека "Любен Каравелов" Русе | Хранилище | 2018-12-13 | Хранилище | 6.99 | Цб 292322 | 120000827353 | 3.57 | Книги | |
| Не е изгубен | Universal Decimal Classification | Не е повреден | без рестрикции | заемане за дома | 824343 | Регионална библиотека "Любен Каравелов" Русе | Регионална библиотека "Любен Каравелов" Русе | Детски отдел | 2021-04-19 | Детски отдел | 5.24 | 821-93/У 27 Х | 120000854036 | 2.68 | Книги | |
| Не е изгубен | Universal Decimal Classification | Не е повреден | без рестрикции | заемане за дома | 824344 | Регионална библиотека "Любен Каравелов" Русе | Регионална библиотека "Любен Каравелов" Русе | Детски отдел | 2021-04-19 | Детски отдел | 5.24 | 821-93/У 27 Х | 120000854035 | 2.68 | Книги |